| 000 | 00945 a2200229 4500 | ||
|---|---|---|---|
| 001 | 34440 | ||
| 005 | 20260407155631.0 | ||
| 008 | 260407a2009 arg spa d | ||
| 003 | AR-UNSa-BCEJYS | ||
| 040 |
_aAR-UNSa-BCEJYS _bspa _cAR-UNSa-BCEJYS |
||
| 080 |
_a330.834 _xKeynes y el keynesianismo. Neokeynesianismo. Poskeynesianismo |
||
| 245 | 1 | 0 | _aIntroduction to post-Keynesian economics |
| 020 | _a978-0-230-22921-1 | ||
| 264 | 1 |
_aNew York : _bPalgrave Macmillan _c2009 |
|
| 300 |
_axiv, 164 p. _c21 cm. |
||
| 505 | _a1. Post-Keynesian Heterodoxy - 2. Heterodox microeconomics - 3. A macroeconomic monetary circuit - 4. The short period: effective demand and the labour market - 5. The long period: old and New Growth models | ||
| 041 | _aspa | ||
| 942 | _cBK | ||
| 590 | _aniveau_biblio:m niveau_hierar:0 | ||
| 100 | 1 | _aLavoie, Marc | |
| 856 | 4 | 1 |
_uhttps://biblioeco.unsa.edu.ar/pmb/images/libros/L125467.jpg _yImagen de portada _qimage/jpeg |
| 999 |
_c2446 _d2446 |
||